| 000 | 01196cam a2200313 a 4500 | ||
|---|---|---|---|
| 001 | 16348578 | ||
| 003 | OSt | ||
| 005 | 20180117085940.0 | ||
| 008 | 100726s2010 pk abf bs 001 0 eng | ||
| 010 | _a 2010341960 | ||
| 020 | _a9780195476668 | ||
| 025 | _aP-E-2010341960; 20 | ||
| 040 |
_aDLC _cDLC _dDLC |
||
| 042 |
_alcode _apcc |
||
| 043 | _aa-pk--- | ||
| 050 | 0 | 0 |
_aHE311.P18 _bI47 2010 |
| 100 | 1 |
_aImran, Muhammad, _cPh. D. |
|
| 245 | 1 | 0 |
_aInstitutional barriers to sustainable urban transport in Pakistan / _cMuhammad Imran ; foreword by Nicholas Low. |
| 260 |
_aKarachi : _bOxford University Press, _c2010. |
||
| 300 |
_axxv, 298 p., [4] p. of plates : _bill., maps ; _c23 cm. |
||
| 500 | _aIncludes statistical tables. | ||
| 504 | _aIncludes bibliographical references (p. [271]-286) and index. | ||
| 650 | 0 |
_aUrban transportation _zPakistan _xPlanning. |
|
| 650 | 0 |
_aUrban transportation policy _zPakistan. |
|
| 906 |
_a7 _bcbc _corigode _d3 _encip _f20 _gy-gencatlg |
||
| 942 |
_2ddc _cBK |
||
| 999 |
_c352304 _d352304 |
||